| 000 | 00492cam a2200157 a 4500 | ||
|---|---|---|---|
| 040 | _cDLC | ||
| 082 | _a658 LAC 1986 A083 Or. | ||
| 245 | 0 | 0 |
_aActes du Colloque : _bamélioration de l'élevage en zone tropicale, cas de Madagascar : Madagascar, 3-13 septembre 1985 / |
| 260 |
_aAntananarivo : _bL'Académie, _c1986. |
||
| 300 |
_axix, 448 p. : _bill. ; _c26 cm. |
||
| 500 | _aFrench and English. | ||
| 650 | 0 | _aLivestock | |
| 650 | 0 | _aLivestock | |
| 710 | 2 | _aAcadémie malgache. | |
| 942 | _cEK | ||
| 999 |
_c16009 _d16009 |
||